| 000 | 02164cam a22004574i 4500 | ||
|---|---|---|---|
| 003 | PE-LiUPU | ||
| 005 | 20250731165401.0 | ||
| 008 | 150925s2009 pe a grm 000 0 spa d | ||
| 035 | _a(Sirsi) a154631 | ||
| 040 |
_aPE-LiUPU _bspa _cPE-LiUPU _erda |
||
| 099 | _aTE 3 M28 2009 | ||
| 100 | 1 |
_aMathios Flores, Marco Antonio _eautor |
|
| 245 | 1 |
_aEfectividad del Módulo Educativo Agroforestal en el rendimiento academico de los alumnos, en el Instituto Tecnológico Público Amazonas de Yurimaguas, 2006 / _cMarco Antonio Mathios Flores. |
|
| 264 | 0 | _c2009. | |
| 300 |
_a112 hojas _c31 cm |
||
| 336 |
_atext _2rdacontent |
||
| 337 |
_aunmediated _2rdamedia |
||
| 338 |
_avolume _2rdacarrier |
||
| 502 |
_aTesis _b(Mg.) -- _cUniversidad Peruana Unión, _d2009. |
||
| 504 | _aIncluye referencias | ||
| 520 | 3 | _aLa presente investigación se ha realizado en el Instituto Superior Tecnológico Público "Amazonas" de Yurimaguas, denominado "Efectividad del Módulo Educativo Agroforestal en el Rendimiento Académico de los Alumnos del Instituto Superior Tecnológico Público Amazonas de Yurimaguas, 2006", con los alumnos del segundo, cuarto y sexto semestre del Área de Agropecuaria matriculados en el semestre II-2006. El objetivo es determinar en qué medida la aplicación del Módulo Educativo Agroforestal mejora el rendimiento académico en agroforestería de los alumnos del área de agropecuaria del Instituto Superior Tecnológico Público Amazonas de Yurimaguas, 2006. | |
| 526 | _aSEG44 | ||
| 526 | _aSEG26 | ||
| 526 | _aP151 | ||
| 526 | _aP150 | ||
| 526 | _aP149 | ||
| 526 | _aP146 | ||
| 526 | _aP145 | ||
| 526 | _aP126 | ||
| 526 | _aP125 | ||
| 526 | _aP92 | ||
| 526 | _aP75 | ||
| 526 | _aP74 | ||
| 526 | _aP27 | ||
| 526 | _aP15 | ||
| 650 | 0 | 4 |
_aEducación superior _xRendimiento académico _vTesis. |
| 650 | 0 | 4 |
_aInstituto Superior Tecnológico Público Amazonas de Yurimaguas, 2006 _xPlanes y programas _vTesis. |
| 596 | _a1 | ||
| 942 |
_2ddc _cTESIS |
||
| 999 |
_aTE 3 M28 2009 _wALPHANUM _c7335 _iT01092 _lCCODEBUL3 _mBUL _r1 _sY _tTESIS _u2015-9-25 _xPOSGRADO _PP57 _o.STAFF. Tesis _d7335 |
||
| 980 |
_81 _gALBERTO SANCHEZ Responsable de Automatización |
||